000 01332njm a22003017a 4500
005 20100922114049.0
006 a|||||r|||||00| 0
007 sd ammalaaahaa
008 100922t xxu||||| |||| 00| 0 pun d
028 _aN,92990
_bHis Master's Voice
035 _aGR-01161
040 _aSED
_cSED
100 _aਮੋਹਮ੍ਮਦ ਰਫ਼ੀ
_921104
245 _aਤੇਰੇ ਚਿਟਿਯਾੰ ਦੰਦਾ ਦਾ ਹਾਸਾ.. /
_cਮੋਹਮ੍ਮਦ ਰਫ਼ੀ,ਗੀਤ-ਗਿਆਨ ਚੰਦ ਧਵਨ ਸੰਗੀਤ-ਏਮ.ਏਲ.ਸੋਨਿਕ
_hMedium [Sound recording]
246 _aNe hale ve tu wati firen (Mohd. Rafi)
260 _aDum Dum, India
_bHis Master's Voice
_cn.d.
300 _a1 Sound disc [Gramophon Recording]
_banalog,33 1/3 rpm
_c9.5 in. (MP)
_fGramophon Record
500 _aBrief record
500 _aRecord labels : His Master's Voice, Red
505 _aSide-2 ਕਦੇ ਹਾਕ ਨਾ ਚੰਦਰਿਯੋ ਮਾਰੀ ( Kade haak na chandrio mari) (Mohd Rafi)
600 _921105
650 _aPunjabi Songs
_xExcerpts
_zIndia
_921106
700 _921416
_aਗਿਆਨ ਚੰਦ ਧਵਨ
700 _921549
_aਏਮ.ਏਲ.ਸੋਨਿਕ
700 _921550
942 _2ddc
_cGR
999 _c47762
_d47762